000
00242nam a2200097Ia 4500
001
655885
005
20250826154545.0
008
250824s9999 xx 000 0 und d
245
0
_a
KANE GÜNCELERİ 2 ATEŞ TAHTI
_c
RICK RIORDAN
260
_b
DOĞAN
999
_c
655885
_d
655885